01082nam a2200241 a 4500001001000000005001700010008004100027020001500068040001800083050002100101100002100122245014600143260010200289300003200391500010400423500006200527504003100589610005800620650005200678650006300730700002500793700002200818BRCA_110520190320203300.0020212s2002 dcua---##b---#001-0#eng-# a0894682946 aDLCcDLCdDLC 4aNK805b.C66 20021 aCooper, Wendy A.10aAn American VisionbHenry Francis du Pont´s Winterthur MuseumcWendy A. Cooper with the assistance of Tara L. Gleason and Katharine A. John. aWashington, D.C.bNational Gallery of Art : Winterthur Museum : Garden and Library Delawarec2002 a214 p.bil. a colorc28 cm. aCatálogo de la exposición realizada en la Gallery en Washington, D.C., 5 mayo - 6 octubre, 2002 aIncluye índice alfabético e índice de ilustraciones aBibliografía: p. 190-19624aHenry Francis du Pont Winterthur MuseumvExposiciones14aArtes decorativasvExposicioneszEstados Unidos14aArtes decorativasvExposicioneszDelaware (Estados Unidos)1 aGleason, Tara Louise1 aJohn, Katharine A